000 01437nam a2200325 i 4500
003 EG-GICUC
005 20260211213932.0
008 260211s1991 ua ||||fr|||| 001 0 ara d
017 _a89/5629
020 _a9773731081
040 _a EG-GICUC
_bara
_c EG-GICUC
_d EG-GICUC
_erda
041 _aara
082 0 4 _a343.425
_bم ح . ا
_221
092 0 4 _221
099 _aLaw1 10 343.425 م ح . ا 1991 1006844
100 0 _aمحمد هشام أبو الفتوح.
_eمؤلف.
245 1 2 _aالاجراءات الشكلية والمشكلات العلمية والاجرائية للمادة (2/123) من قانون الإجراءات الجنائية كقيد على حرية الصحافة كسلطة شعبية في الدستور المصرى /
_cتأليف الدكتور محمد هشام أبو الفتوح.
264 1 _aالقاهرة :
_bدار النهضة العربية،
_c1991.
300 _a173 صفحة ؛
_c24 سم.
_bإيضاحيات، صور، مثيليات ؛
336 _2rda content
_atext
337 _2rda media
_aComputer
338 _2rda carrier
_aOnline Resource
504 _aيشتمل على ارجاعات ببليوجرافية.
546 _aالنص باللغة العربية
650 1 _aالتشريعات المتعلقة بالصحافة.
_2qrmak
651 1 _2qrmak
856 4 0 _uhttps://fll.law.cu.edu.eg/fulltext/bks/B10-06844.pdf
905 _a18
942 _2ddc
_n0
_cBK
_e21
999 _c62713
_d62713